000
00312 a2200109 4500
001
ART_5755
005
20260410161617.0
008
260409a
245
1
0
_a
Ley de Sociedades Comerciales. Comentada y anotada
100
1
_a
Roitman, Horacio
773
0
_t
Enfoques
_g
- NÂș 2 (feb. 2007)
_w
REV416
999
_c
11222
_d
11222